Представление документа в формате MARC21

Поле Инд. ПП Название Значение
Тип записи a
Библиографический уровень m
001 Контрольный номер 7a18ac9f-feec-48f2-8ed4-c6ad9eadc71a
005 Дата корректировки 20250128092056.1
008 Кодируемые данные 991207 d
020 a ISBN 5-900428-30-3
020 a ISBN 0-03-075482-8
040 a Служба первич. каталог. НБ ТвГУ
041 0_ a Код языка текста rus
080 a Индекс УДК 658.14/.15
084 a Индекс другой классификации/Индекс ББК У526-212
a Индекс другой классификации/Индекс ББК У529-93-212
a Индекс другой классификации/Индекс ББК У018.524
090 c Каталожный индекс У526-212 + У529-93-212 + У018.524
x Авторский знак Б87
a Полочн. индекс У526
100 1_ a Автор Бригхем Юджин
242 00 a Перевод заглавия Intermediate financial management
245 0_ a Заглавие Финансовый менеджмент
n Номер части/ раздела Т. 1
b Продолж. заглавия Полн. курс : В 2-х т.
c Ответственность Юджин Бригхем, Луис Гапенски; Пер. с англ. под ред. В.В. Ковалева
260 0_ a Место издания СПб.
b Издательство Экон. шк.
c Дата издания 1997
300 a Объем ХХХ,497 с.
b Иллюстрации/ тип воспроизводства ил.
440 _0 a Серия ИН-Т "ОТКРЫТОЕ О-ВО"
500 a Примечание НАСТОЯЩИЙ МАТЕРИАЛ (ИНФОРМАЦИЯ) ПРОИЗВЕДЕН, РАСПРОСТРАНЕН И (ИЛИ) НАПРАВЛЕН ИНОСТРАННЫМ АГЕНТОМ ДЖ. СОРОСОМ, ЯВЛЯЮЩИМСЯ УЧРЕДИТЕЛЕМ (ЧЛЕНОМ, УЧАСТНИКОМ, РУКОВОДИТЕЛЕМ ИЛИ ЛИЦОМ, ВХОДЯЩИМ В СОСТАВ ОРГАНА ЛИЦ УКАЗАНЫХ В ЧАСТИ 4 СТАТЬИ 9 ФЕДЕРАЛЬНОГО ЗАКОНА «О КОНТРОЛЕ ЗА ДЕЯТЕЛЬНОСТЬЮ ЛИЦ, НАХОДЯЩИХСЯ ПОД ИНОСТРАННЫМ ВЛИЯНИЕМ») ФОНДА «ОТКРЫТОЕ ОБЩЕСТВО», ВКЛЮЧЕННОГО В РЕЕСТР ИНОСТРАННЫХ АГЕНТОВ
504 a Библиография Библиогр.: с.485-487.
583 a Действие Получение впервые 285 25.05.98
583 a Действие Приписка 312 10.06.98
583 a Действие Приписка 449 31.08.98
k Исполнитель действия Дар Фонда РЭО
583 a Действие Приписка 658 07.12.99
k Исполнитель действия КОЭФ ТвГУ
650 04 a Основная рубрика Финансовый менеджмент
650 04 a Основная рубрика Предприятия
x Основная подрубрика Финансы
x Основная подрубрика Менеджмент
650 04 a Основная рубрика Экономическая теория
650 04 a Основная рубрика Инвестиции
650 04 a Основная рубрика Ценные бумаги
653 0_ a Ключевые слова Финансовый менеджмент
a Ключевые слова Финансы предприятий
a Ключевые слова Предприятия
a Ключевые слова Инвестиции
a Ключевые слова Дивиденды
a Ключевые слова Ценные бумаги
a Ключевые слова Экономическая теория
700 1_ a Другие авторы Гапенски Луис
700 1_ a Другие авторы Ковалев В В
e Роль лиц ред. пер.
852 41 t Порядковый номер экземпляра 9
p Инвентарный номер 696759
p Инвентарный номер 697347 44.57
p Инвентарный номер 697348 44.57
p Инвентарный номер 697349 44.57
p Инвентарный номер 697350 44.57
p Инвентарный номер 697351 44.57
p Инвентарный номер 699620 112.50
p Инвентарный номер 717210 224.50
p Инвентарный номер 717211 224.50
920 a Оператор Петр
952 p 285.98 44.00 1 696759
p 312.98 44.57 1 697347
p 312.98 44.57 1 697348
p 312.98 44.57 1 697349
p 312.98 44.57 1 697350
p 312.98 44.57 1 697351
p 449.98 112.50 1 699620
p 658.99 224.50 1 717210
p 658.99 224.50 1 717211
c Вид литературы К ру
954 a Дата поступления на обработку 26.05.98